Faktory rýchleho vzniku a úspešnosti priemyselných parkov
Rozhovor s členom vedenia IPEC Group Ivanom Čarnogurským ml. Predpoklady vzniku priemyselných parkov a priemyselných zón vo vybraných regiónoch Slovenska. Firma IPEC Group ako sprostredkovateľ investičných príležitostí.
Salvato in:
| Autore principale: | |
|---|---|
| Altri autori: | |
| Natura: | Capitolo di libro |
| Lingua: | slovacco |
| Soggetti: | |
| Tags: |
Nessun Tag, puoi essere il primo ad aggiungerne!!
|
MARC
| LEADER | 00000naa a2200000 4500 | ||
|---|---|---|---|
| 001 | r041124 | ||
| 005 | 20230720100947.5 | ||
| 041 | 0 | |a slo | |
| 044 | |a SK | ||
| 245 | 1 | 0 | |a Faktory rýchleho vzniku a úspešnosti priemyselných parkov |c Alica Ďurianová, Ivan Čarnogurský |
| 520 | |a Rozhovor s členom vedenia IPEC Group Ivanom Čarnogurským ml. Predpoklady vzniku priemyselných parkov a priemyselných zón vo vybraných regiónoch Slovenska. Firma IPEC Group ako sprostredkovateľ investičných príležitostí. | ||
| 610 | 2 | 0 | |a parky priemyselné |
| 610 | 2 | 0 | |a rozvoj regionálny |
| 610 | 2 | 0 | |a zóny |
| 610 | 2 | 0 | |a priemysel |
| 610 | 2 | 0 | |a investície zo zahraničia |
| 100 | 1 | |a Ďurianová, Alica | |
| 700 | 1 | |a Čarnogurský, Ivan | |